Konečne sa chyťme života! (výuka boxerskej mládeže)

Podrobná bibliografia
Hlavný autor: Burian, Rado (Autor)
Médium: Článok
Jazyk:slovenčina
Predmet:

MARC

LEADER 00000nab a2200000 ar4500
001 vtls009082553
003 SK-MaSNL
005 20260305035327.0
008 070727c19760512xo mr|p|||||||000 b|slo
015 |a SNKBUCL2007/07  |2 snkbucl 
038 |a SNKBUCL 
040 |a SNKBUCL  |b slo  |c SNKBUCL  |e AACR2 
041 0 |a slo 
044 |a xo  |c SK 
080 |a 796.83.015  |2 2001 
100 1 |a Burian, Rado  |4 aut  |9 923510 
245 1 0 |a Konečne sa chyťme života!  |b (výuka boxerskej mládeže)  |c Rado Burian 
650 0 7 |a box  |2 snkbucl  |9 3272 
650 0 7 |a mládež  |2 snkbucl  |9 1575 
650 0 7 |a športový tréning  |2 snkbucl  |9 163263 
773 0 |t Šport  |g (12.5.1976), s. 3 
852 |a SNK  |b KIS3GCP 
999 |c 3333334  |d 3335264